| 000 | 00408cam a2200169ua 4500 | ||
|---|---|---|---|
| 020 | _c1.50 | ||
| 041 |
_amal _h |
||
| 082 |
_a928.94812 _bVAL/VA |
||
| 100 | _aVaduthala, T K C . | ||
| 245 |
_aVyakthi mahatmayam / _cT K C Vaduthala. _hTextual Documents |
||
| 260 |
_aKozhikode : _bK R Brothers , _c1959. |
||
| 300 | _a150 ; . | ||
| 365 | _a1.50 | ||
| 504 | _a | ||
| 942 | _cBK | ||
| 999 |
_c5106 _d5106 |
||